Name That Hybrid Animal - Statistics

General Stats
  • This quiz has been taken 26 times
  • The average score is 5 of 14
Answer Stats
Picture Answer % Correct
Liger
94%
Zorse
72%
Zonkey
50%
Tigon
44%
Pizzly
39%
Coywolf
33%
Geep
33%
Cama
28%
Wholphin
28%
Dzo
17%
Savannah
17%
Jaglion
11%
Toyger
11%
Mulard
6%
No matching quizzes found
Score Distribution
Percent of People with Each Score
Percentile by Number Answered
Your Score History
You have not taken this quiz